[Event "ch-St Petersburg sf"]
[Site "St Petersburg RUS"]
[Date "2007.02.15"]
[Round "6"]
[White "Kurilov,Vi"]
[Black "Lovkov,R"]
[Result "0-1"]
[WhiteElo "2316"]
[BlackElo "2429"]

1.e4 c5 2.Nf3 d6 3.Bb5+ Nd7 4.O-O a6 5.Bc4 e6 6.c3 b5 7.Be2 Bb7 8.a4 Bxe4
9.axb5 axb5 10.Rxa8 Qxa8 11.Na3 b4 12.cxb4 cxb4 13.Nb5 Qa5 14.d4 Ngf6 15.Bf4 Bxf3
16.gxf3 Nd5 17.Nxd6+ Bxd6 18.Bxd6 Qb6 19.Qc2 Qxd6 20.Qc8+ Ke7 21.Qxh8 Nf4
22.Bd1 Qxd4 23.Qxh7 Qf6 24.Kh1 g6 25.Qh6 Ne5 26.h4 Ned3 27.Qg5 Qxg5 28.hxg5 Nxb2
29.Bc2 Nbd3 30.Rb1 e5 31.Kh2 Nc5 32.Kg3 Nce6 33.Kg4 Nd4 34.Bb3 Nxb3 35.Rxb3 Nd5
36.f4 exf4 37.Kf3 Kd6 38.Ke4 Kc5 39.Rd3 Nc3+ 40.Ke5 Kc4 41.Rd4+ Kc5 42.Rxf4 b3
43.Rf3 Kb4 44.Rh3 b2 45.Rh1 Kb3 46.f4 Ne2 47.Rb1 Kc2 48.Rh1 Ng3 49.Rh2+ Kc3
50.Rxb2 Kxb2 51.Kd6 Nh5 52.Ke5 Kc3 53.f5 Kd3 54.f6 Ke3 55.Kd6 Kf4 56.Ke7 Kxg5
57.Kxf7 Nxf6 58.Kg7 Kf5 59.Kf7  0-1

[Event "US Amateur Team East"]
[Site "Parsippany USA"]
[Date "2007.02.18"]
[Round "3"]
[White "Enkin,M"]
[Black "Mirabile,T"]
[Result "1-0"]
[WhiteElo "2233"]
[BlackElo "2192"]

1.e4 c5 2.Nf3 d6 3.Bb5+ Bd7 4.Bxd7+ Nxd7 5.O-O Ngf6 6.Qe2 e6 7.b3 Be7 8.Bb2 O-O
9.c4 e5 10.Ne1 Nb8 11.f4 Nc6 12.Nc2 Nd4 13.Bxd4 exd4 14.d3 Nd7 15.Nd2 Bf6
16.b4 b6 17.Rae1 Qe7 18.Qg4 g6 19.Nf3 Kh8 20.Re2 Rg8 21.Rfe1 Qe6 22.Qg3 h6
23.h4 h5 24.e5 dxe5 25.fxe5 Be7 26.Re4 a5 27.Nfxd4 cxd4 28.Nxd4 Bxb4 29.Nxe6 Bxe1
30.Qf4  1-0

[Event "Open A"]
[Site "Cannes FRA"]
[Date "2007.02.19"]
[Round "2"]
[White "Vanderbeeken,M"]
[Black "Bruned,V"]
[Result "1-0"]
[WhiteElo "2113"]
[BlackElo "1945"]

1.e4 c5 2.Nf3 d6 3.Bb5+ Bd7 4.Bxd7+ Qxd7 5.O-O Nc6 6.c3 Nf6 7.d4 cxd4 8.cxd4 e6
9.Re1 d5 10.e5 Ne4 11.Nbd2 Nxd2 12.Bxd2 Be7 13.Rc1 O-O 14.Rc3 Rac8 15.a3 b6
16.Rd3 Na5 17.h4 Nc4 18.Bc1 Qb5 19.a4 Qd7 20.Ng5 f6 21.exf6 Rxf6 22.Qg4 Rc6
23.h5 Rf5 24.h6 g6 25.Nf3 Bb4 26.Red1 Qc7 27.Nh4 Rh5 28.Nxg6 Qh2+ 29.Kf1 Kf7
30.Bf4 Qh1+ 31.Ke2 Qxd1+ 32.Rxd1 hxg6 33.Qf3 Nxb2 34.g4 Rc2+ 35.Bd2+ Ke7
36.gxh5 Nxd1 37.Kxd1 Rxd2+ 38.Kc1 Rxd4 39.h7 Rc4+ 40.Kb2 Rc8 41.hxg6 Kd6
42.Qf4+ Kc5 43.Qc1+  1-0

[Event "Aeroflot Open"]
[Site "Moscow RUS"]
[Date "2007.02.19"]
[Round "6"]
[White "Iordachescu,V"]
[Black "Timofeev,Arty"]
[Result "1/2-1/2"]
[WhiteElo "2563"]
[BlackElo "2663"]

1.e4 c5 2.Nf3 d6 3.Bb5+ Bd7 4.Bxd7+ Nxd7 5.O-O Ngf6 6.Qe2 Rc8 7.c3 e6 8.d4 cxd4
9.cxd4 d5 10.e5 Ne4 11.Be3 Qb6 12.Ne1 f6 13.f3 Ng5 14.Nd3 Be7 15.Nd2 O-O
16.Nb3 Qa6 17.exf6 Bxf6 18.Rfe1 Nf7 19.Bf2 Nd8 20.Qd2 Qb5 21.Nbc5 Nxc5 22.Nxc5 Qe8
23.Rac1 Rc6 24.Rc3 Rf7 25.h4 Rfc7 26.Re2 b6 27.Nd3 Rxc3 28.bxc3 Qc6 29.Be1 Nf7
30.g4 Bd8 31.Kg2 Re7 32.Bg3 Bc7 33.Bxc7 Qxc7 34.Qe1 Qd6 35.Re3 Kf8 36.Kh3 Ke8
37.Qb1 Kf8 38.Qe1 Ke8 39.Qe2 Kf8 40.Kg2 Ke8 41.Qd2 Nd8 42.Re2 Nc6 43.h5  1/2-1/2

[Event "Meurthe et Moselle GM"]
[Site "Nancy FRA"]
[Date "2007.02.20"]
[Round "2"]
[White "Nezar,M"]
[Black "Brunner,N"]
[Result "1/2-1/2"]
[WhiteElo "2423"]
[BlackElo "2426"]

1.e4 c5 2.Nf3 d6 3.Bb5+ Bd7 4.Bxd7+ Qxd7 5.c4 Nf6 6.Nc3 Nc6 7.O-O Ne5 8.d3 Nxf3+
9.Qxf3 g6 10.Rb1 Bg7 11.b4 Ng4 12.Nd5 Ne5 13.Qg3 e6 14.Bh6 O-O 15.Bxg7 Kxg7
16.Nc3 Nc6 17.a3 b6 18.Nb5 Rad8 19.Rb2 d5 20.bxc5 dxc4 21.cxb6 cxd3 22.bxa7 Nxa7
23.Nxa7  1/2-1/2

[Event "Meurthe et Moselle GM"]
[Site "Nancy FRA"]
[Date "2007.02.20"]
[Round "3"]
[White "Sandipan,C"]
[Black "Abergel,T"]
[Result "1/2-1/2"]
[WhiteElo "2561"]
[BlackElo "2475"]

1.e4 c5 2.Nf3 d6 3.Bb5+ Nc6 4.O-O Bd7 5.Re1 Nf6 6.c3 a6 7.Bf1 Bg4 8.d3 e6
9.Nbd2 Be7 10.h3 Bh5 11.g4 Bg6 12.Nh4 Nd7 13.Nxg6 hxg6 14.f4 Bh4 15.Re2 g5
16.f5 Nde5 17.Re3 Qf6 18.Nf3 g6 19.Nxe5 Qxe5 20.Rf3 O-O-O 21.fxg6 fxg6 22.Be3 Rhf8
23.Bg2 Rxf3 24.Qxf3 Qg7 25.Rf1 Ne5 26.Qe2 Nc6 27.Qd2 Qe7 28.d4 cxd4 29.cxd4 e5
30.d5 Nd4 31.Bf3 Rf8 32.Kg2 Kb8 33.Be2 Rf4 34.Bxf4 gxf4 35.Bd1 Qh7 36.Rh1 Qc7
37.Bf3 Qb6 38.Rc1 a5 39.b3 Qb5 40.Rb1 Qc5 41.b4 axb4 42.Rc1 Qa7 43.g5 Nxf3
44.Kxf3 Qa3+ 45.Ke2 Bxg5 46.Kd1 Qf3+ 47.Kc2 Qxe4+ 48.Kb3 Bd8 49.Qxb4 Qxd5+
50.Qc4 Qxc4+ 51.Kxc4 Bb6 52.Rf1 Kc7 53.Kd5 Be3 54.h4 Kd7 55.a4 b6 56.Rh1 Ke7
57.h5 gxh5 58.Rxh5 f3 59.Rh3 f2 60.Rf3 Bd4 61.Rf5 Bc5 62.Rf3 Be3 63.Ke4 Bc5
64.Kd5 Kd8 65.Ke4  1/2-1/2

[Event "Open A"]
[Site "Cannes FRA"]
[Date "2007.02.21"]
[Round "4"]
[White "Debray,C"]
[Black "Bozinovic,Bob"]
[Result "1/2-1/2"]
[WhiteElo "2278"]
[BlackElo "2137"]

1.e4 c5 2.Nf3 d6 3.Bb5+ Bd7 4.Bxd7+ Qxd7 5.O-O Nc6 6.c3 Nf6 7.d4 Nxe4 8.d5 Ne5
9.Re1 Nxf3+ 10.Qxf3 Nf6 11.c4 e5 12.dxe6 fxe6 13.Nc3 Be7 14.Bf4 e5 15.Bg5 O-O
16.Rad1 e4 17.Qe2 Rf7 18.Qd2 Raf8 19.Nxe4 Nxe4 20.Rxe4 Bxg5 21.Qxg5 Qf5 22.Qxf5 Rxf5
23.Re2 Rd8 24.Re7 Rf7 25.Re6 Rfd7 26.Rd5 Kf7 27.Re2 g6 28.f4 Re7 29.Rxe7+ Kxe7
30.Kf2 Ke6 31.g4 Rf8 32.Ke3 b5 33.f5+ gxf5 34.gxf5+ Rxf5 35.Rxf5 Kxf5 36.cxb5 d5
37.a4 Ke6 38.a5 Kd6 39.h4 h5 40.b3  1/2-1/2

[Event "14th Belisce Metalis Open"]
[Site "Bizovac CRO"]
[Date "2007.02.22"]
[Round "1"]
[White "Orak,L"]
[Black "Ostovic,M"]
[Result "1-0"]
[WhiteElo "2331"]
[BlackElo "1919"]

1.e4 c5 2.Nf3 d6 3.Bb5+ Bd7 4.Bxd7+ Qxd7 5.O-O Nf6 6.Qe2 Nc6 7.c3 g6 8.d4 cxd4
9.cxd4 Bg7 10.Nc3 O-O 11.h3 Rac8 12.Rd1 e6 13.Bf4 d5 14.Ne5 Qe8 15.Nxc6 Qxc6
16.e5 Nd7 17.Rac1 Nb6 18.b3 Qd7 19.Nb5 a6 20.Nd6 Rxc1 21.Rxc1 Nc8 22.Qd2 Nxd6
23.exd6 Rc8 24.Rc7 Rxc7 25.dxc7 Qc8 26.Qb4 Bf8 27.Qb6 Qa8 28.Bd6 Qc8 29.Qc5  1-0

[Event "14th Belisce Metalis Open"]
[Site "Bizovac CRO"]
[Date "2007.02.22"]
[Round "2"]
[White "Patarcic,D"]
[Black "Bender,I"]
[Result "0-1"]
[WhiteElo "2045"]
[BlackElo "2311"]

1.e4 c5 2.Nf3 d6 3.Bb5+ Bd7 4.Bxd7+ Qxd7 5.O-O Nf6 6.d3 e6 7.c3 Nc6 8.Be3 c4
9.Qc2 cxd3 10.Qxd3 d5 11.exd5 Nxd5 12.Rd1 Rd8 13.Nbd2 Nxe3 14.Qxe3 Be7 15.Qe2 O-O
16.Nb3 Qc7 17.Nbd4 Nxd4 18.Rxd4 Rxd4 19.Nxd4 Rd8 20.Nf3 Qd6 21.Kf1 g5 22.Ke1 Qd5
23.Qe5 Qd3 24.Qe2 Qf5 25.Nd4 Qf4 26.g3 Qc7 27.Rd1 a6 28.Nb3 Rxd1+ 29.Kxd1 Qc6
30.f3 Qa4 31.Qe4 Qxa2 32.Qxb7 Qxb2 33.Qxe7 Qxb3+ 34.Kd2 Qd5+ 35.Kc2 h6 36.Qa7 Qb5
37.Qc7 a5 38.c4 Qa4+ 39.Kd3 Qb3+ 40.Kd4 a4 41.Kc5 a3 42.Qd8+ Kg7 43.Qd4+ Kg8
44.Qd8+ Kh7 45.Qf6 Qb7 46.Kd6 a2 47.c5 Qa6+  0-1

[Event "Open A"]
[Site "Cannes FRA"]
[Date "2007.02.22"]
[Round "6"]
[White "Aranovitch,E"]
[Black "Midoux,S"]
[Result "1/2-1/2"]
[WhiteElo "2297"]
[BlackElo "2358"]

1.e4 c5 2.Nf3 d6 3.Bb5+ Nd7 4.O-O a6 5.Bxd7+ Bxd7 6.d4 cxd4 7.Qxd4 e5 8.Qd3 h6
9.a4 Rc8 10.c4 Be6 11.b3 Nf6 12.Nc3 Be7 13.Ne1 Nd7 14.Ba3 Qb6 15.Rb1 Nc5
16.Bxc5 Qxc5 17.Nc2 O-O  1/2-1/2

[Event "Aeroflot Open"]
[Site "Moscow RUS"]
[Date "2007.02.22"]
[Round "9"]
[White "Svetushkin,D"]
[Black "Andriasian,Z"]
[Result "1/2-1/2"]
[WhiteElo "2588"]
[BlackElo "2508"]

1.e4 c5 2.Nf3 d6 3.Bb5+ Bd7 4.Bxd7+ Qxd7 5.O-O Nc6 6.c3 Nf6 7.Qe2 e6 8.d4 cxd4
9.cxd4 d5 10.e5 Ne4 11.Be3 Be7 12.Ne1 f6 13.f3 Ng5 14.Nd2 O-O 15.Nd3  1/2-1/2

[Event "Open A"]
[Site "Cannes FRA"]
[Date "2007.02.24"]
[Round "8"]
[White "Hervais,A"]
[Black "Cordara,M"]
[Result "0-1"]
[WhiteElo "2071"]
[BlackElo "2169"]

1.e4 c5 2.Nf3 d6 3.Bb5+ Nc6 4.d4 a6 5.Bxc6+ bxc6 6.dxc5 Qa5+ 7.Nc3 Qxc5 8.O-O e5
9.Qd3 Nf6 10.Be3 Qb4 11.a3 Qb7 12.Rfd1 Be7 13.Bg5 Be6 14.Na4 Qb5 15.Nc3 Qxd3
16.Rxd3 Rb8 17.b3 h6 18.Bxf6 gxf6 19.Nh4 Rg8 20.h3 f5 21.Nxf5 Bxf5 22.exf5 d5
23.f3 Bc5+ 24.Kf1 Ke7 25.g4 Kf6 26.Kg2 h5 27.Kg3 hxg4 28.hxg4 Rh8 29.Kg2 Rh7
30.b4 Rbh8 31.Rad1 Rh2+ 32.Kf1 Rh1+ 33.Kg2 R8h2+ 34.Kg3 Bf2+  0-1

[Event "Masters"]
[Site "Bunratty IRL"]
[Date "2007.02.25"]
[Round "6"]
[White "Fitzsimons,D"]
[Black "Van Voorthuijsen,PW"]
[Result "1/2-1/2"]
[WhiteElo "2133"]
[BlackElo "2250"]

1.e4 c5 2.Nf3 d6 3.Bb5+ Bd7 4.Bxd7+ Qxd7 5.O-O Nf6 6.Qe2 Nc6 7.c3 e6 8.d4 cxd4
9.cxd4 d5 10.e5 Ne4 11.Be3 Be7 12.Ne1 f6 13.f3 Ng5 14.Nd3 Nf7 15.f4 b6 16.Nd2 f5
17.Nf3 O-O 18.h3 Nh6 19.Kh2 Rfc8 20.Rac1 Na5 21.Bd2 Qa4 22.Bxa5 Qxa5 23.a3 Qb5
24.Qd2 Rc4 25.Rc3 Rac8 26.Rfc1 Qd7 27.a4 Rxc3 28.Rxc3 Nf7 29.b3 Nd8 30.Qc2 Rxc3
31.Qxc3 Qc6 32.Qd2 h6 33.g3 Nb7 34.Qb2 Kf7 35.g4 g6 36.gxf5 gxf5 37.h4 Qc8
38.h5 Qg8 39.Qg2 Qxg2+ 40.Kxg2 Na5 41.Nd2 Nc6 42.Nf3 Bb4 43.Kf2 Bc3 44.Ke3 Na5
45.Nc1 Bb2 46.Nd3 Bc3 47.Nc1 Bb2  1/2-1/2

[Event "Interclubes Paulista"]
[Site "Sao Paulo BRA"]
[Date "2007.02.25"]
[Round "2"]
[White "Batista,Re2"]
[Black "Vescovi,G"]
[Result "0-1"]
[WhiteElo "2261"]
[BlackElo "2604"]

1.e4 c5 2.Nf3 d6 3.Bb5+ Nc6 4.O-O Bd7 5.d4 cxd4 6.Bxc6 Bxc6 7.Qxd4 Nf6 8.Nc3 e5
9.Qd3 h6 10.Re1 Be7 11.Nd2 O-O 12.Nf1 Rc8 13.Ne3 Re8 14.Nf5 Bf8 15.Qg3 Kh8
16.Qh4 Nh7 17.Qg3 Bd7 18.Ne3 Nf6 19.f3 Be6 20.Rd1 a6 21.Qf2 Qc7 22.a4 Red8
23.a5 Qc6 24.Ned5 Bxd5 25.exd5 Qc7 26.Be3 Re8 27.Qh4 Nd7 28.Kh1 Kh7 29.g4 Qd8
30.Qh3 Kg8 31.Rg1 Be7 32.Ne4 Nf6 33.Bb6 Qd7 34.Nxf6+ Bxf6 35.c3 Qb5 36.Qg2 Qxd5
37.Ra4 Qc6 38.Rb4 Bg5 39.h4 Bxh4 40.Be3 Re6 41.Rb6 Qd5 42.Qe2 Qxa5 43.Rxb7 d5
44.Qd3 e4 45.Qc2 Qd8 46.f4 d4 47.Rd1 Qd5 48.Rb4 d3 49.Qg2 Bf6 50.Qf2 Ree8
51.Rd2 Rb8 52.Ra4 Qb5 53.Rb4 Qc6 54.Rxb8 Rxb8 55.Qg2 Qd5 56.Qg3 Re8 57.Rh2 g6
58.Kg1 Bg7 59.Rd2 Bf8 60.Kg2 a5 61.f5 Bc5 62.fxg6 fxg6 63.Qf2 Rc8 64.Qf6 Bxe3
65.Qxg6+ Kh8 66.Qf6+ Kh7 67.Qe7+ Kg6 68.c4 Bc5 69.Qh4 Qg5  0-1

[Event "2nd Trophee Universitaire"]
[Site "La Roche sur Yon FRA"]
[Date "2007.03.01"]
[Round "4"]
[White "Houska,Jo"]
[Black "Istratescu,A"]
[Result "0-1"]
[WhiteElo "2384"]
[BlackElo "2619"]

1.e4 c5 2.Nf3 d6 3.Bb5+ Nd7 4.d4 Nf6 5.O-O a6 6.Bxd7+ Nxd7 7.c4 b5 8.e5 dxe5
9.dxe5 e6 10.Nc3 bxc4 11.Ne4 Bb7 12.Bg5 Qb6 13.Re1 Bd5 14.Qc2 Qc6 15.Rad1 h6
16.Bh4 Ra7 17.Nc3 Bxf3 18.gxf3 Qxf3 19.Qa4 Be7 20.Re3 Qb7 21.Bxe7 Kxe7 22.Qxc4 Qc7
23.Qf4 Rb8 24.Qh4+ Kf8 25.Red3 Rb4 26.Ne4 Rd4 27.Rxd4 cxd4 28.Rxd4 Ra8 29.f4 Qc1+
30.Kg2 Qxb2+ 31.Qf2 Qb7 32.Kg3 Kg8 33.Qg2 Rb8 34.Kh3 Nf8 35.Rd8 Qb1 36.Rxb8 Qxb8
37.Nd6 Ng6 38.Kg3 Qb1 39.Qa8+ Kh7 40.Qxa6 Qe1+ 41.Kf3 Qc3+ 42.Ke4 Qc1 43.Nc4 Qxf4+
44.Kd3 Nxe5+ 45.Kc3 Qxh2  0-1

[Event "ch-TUR"]
[Site "Ankara TUR"]
[Date "2007.03.02"]
[Round "2"]
[White "Secer,A"]
[Black "Erdogdu,M"]
[Result "1/2-1/2"]
[WhiteElo "2287"]
[BlackElo "2409"]

1.e4 c5 2.Nf3 d6 3.Bb5+ Bd7 4.Bxd7+ Qxd7 5.c4 Nf6 6.Nc3 g6 7.d4 cxd4 8.Nxd4 Bg7
9.f3 O-O 10.O-O Rc8 11.b3 Nc6 12.Be3 Qd8 13.Qd2 Qa5 14.Rfd1 a6 15.a4 Nd7
16.Nde2 Qd8 17.Rab1 Rab8 18.Nf4 b6 19.Nfd5 e6 20.Nf4 Nde5 21.Nfe2 Bf8 22.Bg5 f6
23.Be3 Qe8  1/2-1/2

[Event "23rd Open"]
[Site "Cappelle la Grande FRA"]
[Date "2007.03.03"]
[Round "1"]
[White "Saiboulatov,D"]
[Black "Heberla,B"]
[Result "1/2-1/2"]
[WhiteElo "2413"]
[BlackElo "2557"]

1.e4 c5 2.Nf3 d6 3.Bb5+ Nc6 4.O-O Bg4 5.h3 Bh5 6.c3 a6 7.Bxc6+ bxc6 8.d4 cxd4
9.cxd4 e6 10.Qc2 Rc8 11.Bg5 Be7 12.Bxe7 Nxe7 13.Nbd2 O-O 14.Qd3 d5 15.exd5 Qxd5
16.Rfe1 Bxf3 17.Nxf3 c5 18.Qa3 Ng6 19.dxc5 Rxc5 20.Rad1 Qc6 21.Rd4 e5 22.Ra4 Ra8
23.Ra5 Rxa5 24.Qxa5 f6 25.Rd1 Nf4 26.Kh2 h5 27.Rd8+ Rxd8 28.Qxd8+ Kh7 29.Qd2 Qc4
30.g3 Nd3 31.Qe2 Qd5 32.Nd2 g6 33.Ne4 Kg7 34.b3 Qd4 35.Qe3 f5 36.Qg5  1/2-1/2

[Event "4NCL 2006-07"]
[Site "Wokefield Park ENG"]
[Date "2007.03.04"]
[Round "8"]
[White "Greet,A"]
[Black "Hunt,H"]
[Result "0-1"]
[WhiteElo "2425"]
[BlackElo "2436"]

1.e4 c5 2.Nf3 d6 3.Bb5+ Nc6 4.d4 cxd4 5.Qxd4 Bd7 6.Bxc6 Bxc6 7.Bg5 Nf6 8.Nc3 e6
9.O-O-O Be7 10.Rhe1 O-O 11.Kb1 Qa5 12.Qd2 Qa6 13.Nd4 Rfc8 14.f4 h6 15.h4 b5
16.Qe2 Qb7 17.e5 dxe5 18.fxe5 Nd5 19.Nxd5 Bxd5 20.Bxe7 Qxe7 21.Qf2 Rab8 22.Re3 b4
23.Ne2 Qc5 24.Nf4 Be4 25.Nd3 Bxd3 26.Rdxd3 Rd8 27.Qe2 a5 28.b3 Rd4 29.Rxd4 Qxd4
30.g3 Rd8 31.Rd3 Qg1+ 32.Kb2 Rxd3 33.Qxd3 Qc5 34.Qe4 Qc3+ 35.Kb1 Qxg3 36.h5 Qg1+
37.Kb2 Qc5 38.Kb1 Qg1+ 39.Kb2 Qc5 40.Kb1 Qd5 41.Qe2 g6 42.hxg6 fxg6 43.Qg4 g5
44.Qg3 Qd1+ 45.Kb2 Qd4+ 46.Kb1 Kg7  0-1

[Event "23rd Open"]
[Site "Cappelle la Grande FRA"]
[Date "2007.03.05"]
[Round "3"]
[White "Vorobiov,E"]
[Black "Bogner,S"]
[Result "1-0"]
[WhiteElo "2563"]
[BlackElo "2331"]

1.e4 c5 2.Nf3 d6 3.Bb5+ Bd7 4.Bxd7+ Qxd7 5.O-O Nf6 6.Re1 Nc6 7.c3 e6 8.d4 cxd4
9.cxd4 d5 10.e5 Ne4 11.Nbd2 Nxd2 12.Bxd2 Be7 13.Rc1 O-O 14.Rc3 f6 15.exf6 Bxf6
16.Bg5 Rae8 17.Bxf6 gxf6 18.Nh4 Kh8 19.Rh3 Rg8 20.f4 e5 21.Qh5 Qg4 22.Qh6 Qg7
23.Qxg7+ Rxg7 24.Nf5 Rg4 25.g3 Rf8 26.Kg2 Rgg8 27.Rh4 Nxd4 28.Nxd4 exd4 29.Rh5 Re8
30.Rxe8 Rxe8 31.Rxd5 Re2+ 32.Kf3 Rxb2 33.Kg4 Rxh2 34.a4 Kg7 35.Rxd4 Kg6 36.f5+ Kh6
37.Rd6 Ra2 38.Rxf6+ Kg7 39.Rd6 Rxa4+ 40.Kg5 h6+ 41.Kh5 Ra6 42.Rd7+ Kg8 43.Rxb7 Rf6
44.g4 a6 45.Re7 Kf8 46.Re6 Rxe6 47.fxe6 a5 48.Kxh6 a4 49.g5 a3 50.g6 a2 51.g7+ Ke7
52.g8=Q a1=Q 53.Qf7+ Kd6 54.Qd7+ Kc5 55.Kg6 Qb1+ 56.Kg7 Qf5 57.Qc7+ Kd5 58.e7 Qg5+
59.Kf8 Qf6+ 60.Ke8 Qg6+ 61.Kd8 Qf6 62.Kc8  1-0

[Event "23rd Open"]
[Site "Cappelle la Grande FRA"]
[Date "2007.03.05"]
[Round "4"]
[White "Kovalev,An"]
[Black "Bogner,S"]
[Result "1-0"]
[WhiteElo "2533"]
[BlackElo "2331"]

1.e4 c5 2.Nf3 d6 3.Bb5+ Bd7 4.Bxd7+ Qxd7 5.c4 Nf6 6.Nc3 g6 7.O-O Bg7 8.h3 O-O
9.Re1 Nc6 10.d3 e5 11.Rb1 Nh5 12.Nd5 f5 13.exf5 Qxf5 14.b4 cxb4 15.Rxb4 Qf7
16.Rb2 Nf6 17.Ng5 Qd7 18.Qb3 Nxd5 19.cxd5 Nd8 20.Ne4 b6 21.Rc2 Nb7 22.Be3 Rf5
23.a4 Rd8 24.Rb1 h6 25.Qc4 Bf8 26.Qc6 Qf7 27.Ng3 Rf6 28.Ne4 Rf5 29.Qc4 Rd7
30.Ng3 Rf6 31.Ne4 Rf5 32.g4 Rf3 33.Kg2 Bg7 34.a5 Nxa5 35.Qc8+ Kh7 36.Rbc1 Nb3
37.Rc7 Rxc7 38.Rxc7 Qf8 39.Qd7 Nd4 40.Bxd4 Rxd3 41.Be3  1-0

[Event "ch-TUR"]
[Site "Ankara TUR"]
[Date "2007.03.06"]
[Round "6"]
[White "Secer,A"]
[Black "Esen,B"]
[Result "1/2-1/2"]
[WhiteElo "2287"]
[BlackElo "2447"]

1.e4 c5 2.Nf3 d6 3.Bb5+ Nd7 4.O-O a6 5.Bxd7+ Bxd7 6.d4 cxd4 7.Qxd4 Bg4 8.Nc3 Bxf3
9.gxf3 e6 10.Be3 Nf6 11.Rad1 Nd7 12.f4 Qf6 13.Qa4 Rc8 14.Kh1 Qg6 15.Rd4 Qh5
16.Rc4 Qf3+  1/2-1/2

[Event "I Open"]
[Site "La Laguna ESP"]
[Date "2007.03.08"]
[Round "5"]
[White "Kraus,O"]
[Black "Rivas Crespo,A"]
[Result "1-0"]
[WhiteElo "2124"]
[BlackElo "1769"]

1.e4 c5 2.Nf3 d6 3.Bb5+ Nc6 4.O-O Bd7 5.Re1 Qc7 6.c3 Nf6 7.d4 a6 8.Bf1 Bg4
9.Be3 cxd4 10.cxd4 Nxe4 11.d5 Ne5 12.Qa4+ Qd7 13.Qxe4 Bxf3 14.gxf3 f5 15.Qb4 Nxf3+
16.Kh1 f4 17.Bd2 Nxe1 18.Bxe1 g5 19.Bc3 Rg8 20.Be2 b5 21.Qe4 Qh3 22.Nd2 Rg6
23.Rg1 Bg7 24.Bg4 Qh6 25.Re1 Bf8 26.Nf3 Ra7 27.a4 Rc7 28.axb5 axb5 29.Ra1 e5
30.dxe6  1-0

[Event "ch-POL w"]
[Site "Barlinek POL"]
[Date "2007.03.09"]
[Round "2"]
[White "Krupa,M"]
[Black "Dworakowska,J"]
[Result "1-0"]
[WhiteElo "2275"]
[BlackElo "2376"]

1.e4 c5 2.Nf3 d6 3.Bb5+ Bd7 4.Bxd7+ Nxd7 5.d4 cxd4 6.Qxd4 Ngf6 7.c4 Qc7 8.Nc3 e5
9.Qd3 Rc8 10.b3 a6 11.Bb2 Qc6 12.Nd2 Be7 13.O-O Nc5 14.Qe2 O-O 15.Rac1 Bd8
16.b4 Ne6 17.Nd5 Qa4 18.a3 Nxd5 19.exd5 Nf4 20.Qf3 Qd7 21.c5 dxc5 22.Bxe5 Ng6
23.Bg3 cxb4 24.axb4 Rxc1 25.Rxc1 Ne7 26.d6 Nc6 27.Ne4 Qe8 28.h3 Bb6 29.Rd1 Nd4
30.Qd3 f5 31.Nc5 Ne2+ 32.Kh2 f4 33.Bh4 Qe5 34.Nd7 Qh5 35.Nxb6 Qxh4 36.Qxe2 f3
37.Qe6+ Kh8 38.Qe7  1-0

[Event "64th ch-GEO w"]
[Site "Tbilisi GEO"]
[Date "2007.03.09"]
[Round "7"]
[White "Mikadze,M"]
[Black "Tsereteli,T"]
[Result "1/2-1/2"]
[WhiteElo "2248"]
[BlackElo "2334"]

1.e4 c5 2.Nf3 d6 3.Bb5+ Bd7 4.Bxd7+ Qxd7 5.O-O Nf6 6.e5 dxe5 7.Nxe5 Qd6 8.Nc4 Qc7
9.Nc3 e6 10.d4 cxd4 11.Qxd4 Bc5 12.Qf4 Qxf4 13.Bxf4 O-O 14.Rad1 Nc6 15.Nd6  1/2-1/2

[Event "ch-TUR"]
[Site "Ankara TUR"]
[Date "2007.03.10"]
[Round "10"]
[White "Erturan,Y"]
[Black "Erdogdu,M"]
[Result "0-1"]
[WhiteElo "2360"]
[BlackElo "2409"]

1.e4 c5 2.Nf3 d6 3.Bb5+ Nc6 4.O-O Bd7 5.Re1 Nf6 6.c3 a6 7.Bf1 Bg4 8.d3 e6
9.Nbd2 d5 10.Be2 Be7 11.exd5 Nxd5 12.Qa4 Bf5 13.Ne5 Nb6 14.Nxc6 Nxa4 15.Nxd8 Rxd8
16.Bf3 Bxd3 17.Bxb7 O-O 18.Bc6 Bb5 19.Bf3 Nxb2 20.Bxb2 Rxd2 21.Bc1 Rd7 22.Bf4 Bf6
23.Rec1 g5 24.Be3 Rc8 25.a4 Bd3 26.Ra2 h6 27.Rb2 Be5 28.Rb6 Bc4 29.a5 Rd3
30.Be2 Rxe3 31.Bxc4 Rxc3 32.Rxc3 Bxc3 33.Rxa6 Rd8 34.Kf1 Rd4 35.Bb3 c4 36.Ba4 Re4
37.f3 Re1+ 38.Kf2 Ra1 39.Bb5 Bd4+ 40.Kg3 c3 41.Bd3 Rd1 42.Be4 Rd2 43.Rc6 f5
44.Bb1 h5 45.Kh3 Kf7 46.g4 Be5  0-1

[Event "ch-RUS U20 Girls"]
[Site "Saint Petersburg RUS"]
[Date "2007.03.10"]
[Round "1"]
[White "Fominykh,M"]
[Black "Airapetian,Ta"]
[Result "0-1"]
[WhiteElo "2316"]
[BlackElo "2245"]

1.e4 c5 2.Nf3 d6 3.Bb5+ Bd7 4.Bxd7+ Qxd7 5.O-O Nc6 6.c3 Nf6 7.Re1 e6 8.d4 cxd4
9.cxd4 d5 10.e5 Ne4 11.Nbd2 Nxd2 12.Bxd2 Be7 13.a3 O-O 14.Re3 b5 15.Rd3 b4
16.Ng5 f6 17.Nxh7 Kxh7 18.Qh5+ Kg8 19.Rg3 Qe8 20.Qg4 Qf7 21.Bh6 fxe5 22.f4 Bf6
23.fxe5 Bxe5 24.Rf3 Bxd4+ 25.Kh1 Ne5  0-1

[Event "TCh-FIN 2006-7"]
[Site "Helsinki FIN"]
[Date "2007.03.11"]
[Round "9"]
[White "Hokkanen,P"]
[Black "Pulkkinen,K"]
[Result "1-0"]
[WhiteElo "2333"]
[BlackElo "2322"]

1.e4 c5 2.Nf3 d6 3.Bb5+ Nd7 4.d4 Nf6 5.Nc3 cxd4 6.Qxd4 e5 7.Qd3 h6 8.a4 Be7
9.O-O O-O 10.Rd1 Nc5 11.Qe2 Qc7 12.Nh4 Rd8 13.Bc4 Be6 14.Nf5 Bf8 15.Nd5 Bxd5
16.Bxd5 Rac8 17.Ra3 Ne6 18.Rc3 Qd7 19.Rg3 Kh7 20.Qf3 Nxd5 21.exd5 Nf4 22.Bxf4 Qxf5
23.Bc1 Qxf3 24.Rxf3 Kg6 25.c3 f5 26.b3 Kf6 27.c4 g5 28.Rc3 f4 29.f3 Kf5 30.Re1 h5
31.Rc2 Rd7 32.Bb2 Rdc7 33.Rce2 g4 34.Kf2 Be7 35.Bxe5 dxe5 36.Rxe5+ Kf6 37.Re6+ Kf7
38.d6 Bxd6 39.Rxd6 Re7 40.Rxe7+ Kxe7 41.Rd5 Rh8 42.Rf5 Ke6 43.Rxf4 Ke5 44.Rf7  1-0

[Event "64th ch-GEO w"]
[Site "Tbilisi GEO"]
[Date "2007.03.11"]
[Round "9"]
[White "Mikadze,M"]
[Black "Batsiashvili,N"]
[Result "1-0"]
[WhiteElo "2248"]
[BlackElo "2310"]

1.e4 c5 2.Nf3 d6 3.Bb5+ Nd7 4.c3 Nf6 5.Qe2 a6 6.Ba4 e5 7.O-O Be7 8.d4 b5
9.Bc2 Qc7 10.dxe5 dxe5 11.a4 Rb8 12.Na3 c4 13.axb5 axb5 14.b4 cxb3 15.Bxb3 Qxc3
16.Qa2 O-O 17.Ng5 Nc5 18.Bxf7+ Kh8 19.Bb2 Qd2 20.Nf3 Qb4 21.Nxe5 Qxe4 22.Rfe1 Qb7
23.Rad1 Bf5 24.Nd7 Ncxd7 25.Rxe7 Qc6 26.Qb3 Nc5 27.Qg3 Nce4 28.Qxg7+ Kxg7
29.Be8+ Kh6 30.Bxc6 Rfd8 31.Rxd8 Rxd8 32.h3 Rd1+ 33.Kh2 Nd2 34.Bxb5 Nfe4
35.Bg7+ Kg6 36.Be8+ Kg5 37.f4+ Kxf4 38.Bh6+ Ng5 39.g3+ Kf3 40.Bh5+ Kf2 41.Re2+ Kf1
42.Bxg5 Bg6 43.Rxd2 Rxd2+ 44.Bxd2 Bxh5 45.g4 Bg6 46.Nc4 Kf2 47.Ne5 Be4 48.h4 Ke2
49.Bf4 Kf2 50.h5 Bc2 51.Kh3 Be4 52.Kh4  1-0

[Event "39th WGM"]
[Site "Belgrade/Lazarevac SRB"]
[Date "2007.03.13"]
[Round "9"]
[White "Cherenkova,K"]
[Black "Maksimovic,S"]
[Result "1-0"]
[WhiteElo "2239"]
[BlackElo "2271"]

1.e4 c5 2.Nf3 d6 3.Bb5+ Nd7 4.O-O a6 5.Bxd7+ Bxd7 6.Re1 e5 7.c3 Nf6 8.d4 Qc7
9.Nbd2 b5 10.Nf1 Be7 11.Bg5 O-O 12.Ne3 Be6 13.Qd3 Rfd8 14.Bxf6 Bxf6 15.dxe5 Bxe5
16.Nd5 Qb7 17.Rad1 h6 18.Re2 Re8 19.Nxe5 dxe5 20.Qg3 Kh8 21.Red2 f6 22.Qe3 Rac8
23.Qg3 Qf7 24.f3 Red8 25.b3 Rd6 26.Qf2 a5 27.c4 b4 28.f4 exf4 29.Qxf4 Rcd8
30.Rf1 Qa7 31.Kh1 a4 32.Rdf2 axb3 33.axb3 Bxd5 34.exd5 Ra6 35.Re2 Ra1 36.h3 Rxf1+
37.Qxf1 Qc7 38.Qf3 Ra8 39.Re1 Qd6 40.Qg4 Qc7 41.Qe6 Qg3 42.d6 Ra2 43.Qe8+ Kh7
44.Qe4+ Qg6 45.Qd5 Qg3 46.Rd1 Re2 47.d7  1-0

[Event "60th ch-RUS sf Urals"]
[Site "Nizhnij Tagil RUS"]
[Date "2007.03.15"]
[Round "2"]
[White "Krutko,A"]
[Black "Chuprov,D"]
[Result "0-1"]
[WhiteElo "2351"]
[BlackElo "2534"]

1.e4 c5 2.Nf3 d6 3.Bb5+ Bd7 4.Bxd7+ Qxd7 5.O-O Nf6 6.Qe2 e6 7.d4 cxd4 8.Nxd4 Be7
9.c4 O-O 10.Nc3 a6 11.b3 Nc6 12.Rd1 Nxd4 13.Rxd4 Qc7 14.Bb2 Rfc8 15.Rad1 Qa5
16.a4 Nd7 17.R4d3 Ne5 18.Rg3 Ng6 19.Qd2 Bh4 20.Rd3 Bg5 21.Qc2 Be7 22.Qd2 Qc5
23.Kh1 Bg5 24.Qc2 b5 25.axb5 axb5 26.cxb5 Ne5 27.Rxd6 Ng4 28.R6d4 e5 29.Rc4 Nxf2+
30.Kg1 Nh3+ 31.Kh1 Qf2 32.Ne2 Rd8 33.Bxe5 Bd2 34.Bg3 Qxe2 35.b6 Rab8 36.b7 Rxb7
37.Rd4 Qxd1+ 38.Qxd1 Rxd4 39.gxh3 Rbd7 40.Qc2 Bb4 41.Qc8+ Rd8 42.Qb7 Bf8
43.Kg2 Rb4 44.Qc7 Rd2+ 45.Kf3 Rd3+ 46.Ke2 Rbxb3 47.Qc4 Rdc3 48.Qd4 Rc2+ 49.Kd1 Ra2  0-1

[Event "ch-POL w"]
[Site "Barlinek POL"]
[Date "2007.03.16"]
[Round "9"]
[White "Krupa,M"]
[Black "Kulon,K"]
[Result "0-1"]
[WhiteElo "2275"]
[BlackElo "2173"]

1.Nf3 c5 2.e4 d6 3.Bb5+ Bd7 4.Bxd7+ Qxd7 5.O-O Nc6 6.c3 Nf6 7.d4 cxd4 8.cxd4 d5
9.e5 Ne4 10.Be3 e6 11.Ne1 f6 12.f3 Ng5 13.Nc3 Nf7 14.f4 f5 15.Rc1 Rc8 16.Nd3 Be7
17.Qa4 a6 18.a3 O-O 19.b4 b6 20.Qb3 Qb7 21.Na4 Rc7 22.Rc2 Rfc8 23.Rfc1 Bd8
24.Nab2 h6 25.a4 Be7 26.Nd1 Nfd8 27.Nc3 Na7 28.h3 Rc4 29.b5 R8c7 30.bxa6 Qxa6
31.Nb5 Nxb5 32.axb5 Qc8 33.Ne1 Nb7 34.Bd2 Bh4 35.g3 Rxc2 36.Rxc2 Rxc2 37.Nxc2 Bxg3
38.Nb4 Bh4 39.Nc6 Qa8 40.Bc3 Bg3 41.Ne7+ Kh7 42.Nxd5 exd5 43.Qxd5 Qa3 44.Bd2 Qd3
45.e6 Bh4 46.e7 Qg3+ 47.Kh1 Qxh3+ 48.Kg1 Qg4+ 49.Kh2 Bg3+ 50.Kg2 Bxf4+ 51.Kf1 Qd1+
52.Be1 Qd3+ 53.Kg2 Qe2+ 54.Bf2 Nd6  0-1